| 000 | 01360cam a22002534i 4500 | ||
|---|---|---|---|
| 999 |
_c10433 _d10433 |
||
| 003 | OSt | ||
| 005 | 20220321125718.0 | ||
| 008 | 180409s2019 nyu b 001 0 eng | ||
| 020 | _a9781138574731 (pbk : alk. paper) | ||
| 042 | _apcc | ||
| 082 | 0 | 0 |
_a320.6 _223 _bGEO |
| 100 | 1 |
_aGuess, George M., _eauthor. |
|
| 245 | 1 | 0 |
_aBuilding democracy and international governance / _cGeorge M. Guess. |
| 300 |
_ax, 248 pages ; _c24 cm |
||
| 504 | _aIncludes bibliographical references and index. | ||
| 505 | 0 | _aChallenges to effective government : ethnic-nationalism, populist nationalism and weak state institutions -- Wealthier state populist nationalism -- Macroeconomic instability -- Inability of both wealthy and poor countries to reduce regional inequalities -- Governing structures -- Response to governance challenges : the problem of aid design and implementation -- Aid as stimulus for democracy and governmental effectiveness -- Targeting aid to threats against improved governmental effectiveness -- Specific problems with design and implementation of aid. | |
| 650 | 0 | _aDemocratization. | |
| 650 | 0 |
_aDemocratization _xInternational cooperation. |
|
| 650 | 0 | _aGovernment accountability. | |
| 650 | 0 | _aOrganizational effectiveness. | |
| 650 | 0 |
_aDemocracy _xEconomic aspects. |
|
| 650 | 0 |
_aEconomic development _xPolitical aspects. |
|
| 942 | _2ddc | ||